[Event "Nuremberg Zabo op 19th"]
[Site "Nuremberg"]
[Date "2017.09.16"]
[Round "2"]
[White "Albayrak, Berrak"]
[Black "Hauck, Martin"]
[Result "0-1"]
[WhiteElo "1562"]
[BlackElo "1216"]
[PlyCount "114"]
[EventDate "2017.09.15"]
[EventType "swiss"]
[EventRounds "5"]
[EventCountry "GER"]
[SourceTitle "EXT 2022"]
[Source "ChessBase"]
[SourceDate "2021.10.06"]
[SourceVersion "1"]
[SourceVersionDate "2021.10.06"]
[SourceQuality "1"]

1. e4 d5 2. exd5 Qxd5 3. Nc3 Qd8 4. d4 Nf6 5. Bg5 h6 6. Bh4 Bg4 7. Be2 Qd7 8. Bxf6 Bxe2 9. Qxe2 gxf6 10. Nf3 Nc6 11. 0-0-0 0-0-0 12. d5 Nb4 13. a3 Na6 14. Nb5 Kb8 15. Qc4 Bg7 16. Rd3 e5 17. Re1 Qf5 18. Kb1 Rhe8 19. Rde3 h5 20. R1e2 Bh6 21. Nh4 Qd7 22. Rd3 Qg4 23. Qxg4 hxg4 24. Nf5 Bf8 25. d6 e4 26. dxc7+ Nxc7 27. Rxd8+ Rxd8 28. Nxc7 Kxc7 29. Rxe4 Rd5 30. Ne3 Rd2 31. Rf4 Be7 32. Rxg4 Rxf2 33. Nd5+ Kd7 34. Nxe7 Kxe7 35. h4 f5 36. Rg8 Kf6 37. h5 Rf1+ 38. Ka2 Rh1 39. Rb8 Rxh5 40. Rxb7 Rg5 41. c4 Rxg2 42. Rxa7 f4 43. c5 f3 44. c6 f2 45. c7 Rg8 46. Ra6+ Ke7 47. Rc6 f1Q 48. c8Q Rxc8 49. Rxc8 Qa6 50. Rb8 Qc4+ 51. Ka1 f5 52. Rb4 Qf1+ 53. Ka2 f4 54. a4 f3 55. a5 Qe1 56. Rb7+ Kd8 57. b4 f2 0-1

[Event "Mittelfranken-ch QT 66th"]
[Site "Uttenreuth"]
[Date "2017.04.12"]
[Round "2"]
[White "Hauck, Martin"]
[Black "Friedrich, Michael Christian"]
[Result "0-1"]
[WhiteElo "1488"]
[BlackElo "1541"]
[PlyCount "86"]
[EventDate "2017.04.12"]
[EventType "swiss"]
[EventRounds "7"]
[EventCountry "GER"]
[SourceTitle "EXT 2020"]
[Source "ChessBase"]
[SourceDate "2019.10.17"]
[SourceVersion "1"]
[SourceVersionDate "2019.10.17"]
[SourceQuality "1"]

1. e4 e5 2. Nf3 Nc6 3. Bc4 Nf6 4. d3 d6 5. h3 Na5 6. Nbd2 Nxc4 7. Nxc4 Be7 8. Ne3 0-0 9. c4 Be6 10. Qc2 Nh5 11. g3 f5 12. Nh2 fxe4 13. Nhg4 Qd7 14. Ng2 Bxg4 15. hxg4 Qxg4 16. dxe4 Nf6 17. Ne3 Qxe4 18. Rh4 Qxc2 19. Nxc2 Nd7 20. Rg4 h5 21. Re4 Nc5 22. Re3 Bg5 23. Ra3 Bxc1 24. Rxc1 Ne4 25. Ke2 Nxf2 26. Rf1 Ng4 27. Rxf8+ Kxf8 28. Ne1 Ke7 29. Kf3 a6 30. Nd3 Rf8+ 31. Ke2 g5 32. c5 d5 33. c6 e4 34. cxb7 exd3+ 35. Kd2 Ne5 36. b3 d4 37. Ra5 Rf2+ 38. Kd1 Nf3 39. Re5+ Kd7 40. Kc1 d2+ 41. Kb2 d1Q+ 42. Ka3 Qc1+ 43. Kb4 Nxe5 0-1

[Event "Mittelfranken Mitte-ch"]
[Site "Nuremberg"]
[Date "2017.01.06"]
[Round "2"]
[White "Muenzenberg, Dietrich"]
[Black "Hauck, Martin"]
[Result "1-0"]
[WhiteElo "1688"]
[BlackElo "1488"]
[PlyCount "67"]
[EventDate "2017.01.05"]
[EventType "swiss"]
[EventRounds "7"]
[EventCountry "GER"]
[SourceTitle "EXT 2018"]
[Source "ChessBase"]
[SourceDate "2017.10.13"]
[SourceVersion "1"]
[SourceVersionDate "2017.10.13"]
[SourceQuality "1"]

1. d4 d5 2. Bg5 Nc6 3. e3 h6 4. Bh4 Nf6 5. Bxf6 gxf6 6. g3 e5 7. c3 a6 8. Nd2 Be6 9. Qb3 Qb8 10. Bg2 e4 11. Ne2 Bd6 12. 0-0 Qa7 13. f4 Na5 14. Qa4+ Nc6 15. f5 Bd7 16. Qb3 Na5 17. Qc2 0-0-0 18. b4 Nc4 19. Nxc4 dxc4 20. Qxe4 Rde8 21. Qf3 Bc6 22. d5 Bd7 23. Nd4 Re5 24. Rfe1 Rhe8 25. Kf1 a5 26. a3 a4 27. e4 Kb8 28. Qe2 c5 29. dxc6 Bxf5 30. Qxc4 Bxe4 31. Nb5 Bxg2+ 32. Kxg2 Rxe1 33. Rxe1 Qb6 34. Rxe8+ 1-0

[Event "Mittelfranken-ch QT"]
[Site "Nuremberg"]
[Date "2016.03.24"]
[Round "3"]
[White "Hauck, Martin"]
[Black "Homfeldt, Claudia Laura"]
[Result "1/2-1/2"]
[WhiteElo "1087"]
[BlackElo "1549"]
[PlyCount "117"]
[EventDate "2016.03.23"]
[EventType "swiss"]
[EventRounds "7"]
[EventCountry "GER"]
[SourceTitle "EXT 2018"]
[Source "ChessBase"]
[SourceDate "2017.10.13"]
[SourceVersion "1"]
[SourceVersionDate "2017.10.13"]
[SourceQuality "1"]

1. e4 c5 2. Nf3 Nc6 3. Be2 e6 4. c4 Qc7 5. Nc3 a6 6. d4 cxd4 7. Nxd4 Be7 8. 0-0 Nf6 9. f4 Bc5 10. Be3 b6 11. Qd2 Bb7 12. Nc2 h6 13. Bxc5 bxc5 14. Qe3 Nb4 15. Nxb4 cxb4 16. e5 bxc3 17. exf6 cxb2 18. Rab1 gxf6 19. Rxb2 Rg8 20. Bf3 Bxf3 21. Qxf3 Qc6 22. Qxc6 dxc6 23. Rb7 Kf8 24. Rf3 Rd8 25. h3 Rg6 26. Rc7 Rd1+ 27. Rf1 Rd3 28. Rxc6 Rxh3 29. f5 exf5 30. Rxf5 Rhg3 31. Rf2 f5 32. Rxg6 fxg6 33. Kh2 Rc3 34. Rf4 Kf7 35. g4 Ke6 36. gxf5+ gxf5 37. Rh4 Ke5 38. Rxh6 Rc2+ 39. Kg3 f4+ 40. Kf3 Rc3+ 41. Ke2 Rxc4 42. Rxa6 Ke4 43. Re6+ Kf5 44. Re8 Rc2+ 45. Kf3 Rxa2 46. Rf8+ Kg5 47. Rg8+ Kf5 48. Rf8+ Kg5 49. Rg8+ Kf6 50. Kxf4 Ra4+ 51. Ke3 Kf7 52. Rd8 Ke6 53. Rd4 Ra3+ 54. Rd3 Ra5 55. Ke4 Re5+ 56. Kd4 Ra5 57. Re3+ Kd6 58. Re4 Ra6 59. Ke3 1/2-1/2

[Event "Mittelfranken Mitte-ch"]
[Site "Zirndorf"]
[Date "2016.01.04"]
[Round "4"]
[White "Hauck, Martin"]
[Black "Berg, Winfried"]
[Result "1-0"]
[WhiteElo "1053"]
[BlackElo "1631"]
[PlyCount "99"]
[EventDate "2016.01.03"]
[EventType "swiss"]
[EventRounds "7"]
[EventCountry "GER"]
[SourceTitle "EXT 2018"]
[Source "ChessBase"]
[SourceDate "2017.10.13"]
[SourceVersion "1"]
[SourceVersionDate "2017.10.13"]
[SourceQuality "1"]

1. e4 e5 2. Nf3 Nc6 3. Bc4 Nf6 4. Nc3 Bc5 5. Na4 Be7 6. d3 0-0 7. Be3 d6 8. Nc3 Na5 9. b3 c6 10. Qd2 b5 11. b4 bxc4 12. bxa5 Qxa5 13. 0-0 Be6 14. Rab1 Qc7 15. Ne2 c5 16. Ng3 Rab8 17. Ng5 cxd3 18. Nxe6 fxe6 19. cxd3 Ng4 20. Rxb8 Qxb8 21. Bg5 Bxg5 22. Qxg5 Nf6 23. f4 exf4 24. Rxf4 Qb1+ 25. Kf2 Qxd3 26. Kg1 Qe3+ 27. Kh1 Qd4 28. h3 c4 29. e5 Qxe5 30. Qxe5 dxe5 31. Rxc4 e4 32. Nxe4 Nxe4 33. Rxe4 Re8 34. g4 e5 35. Kg2 g5 36. Kg3 Kf7 37. Kf3 Ke6 38. Ke3 Re7 39. Ra4 Kd5 40. Ra5+ Kc4 41. Ke4 Kc3 42. Rb5 Kc4 43. a4 Kc3 44. a5 Kc4 45. Rb1 Kc5 46. a6 Kc6 47. Rb2 Kc7 48. Kf5 h6 49. Kf6 Kd8 50. Rb8+ 1-0

[Event "Mittelfranken Mitte-ch"]
[Site "Zirndorf"]
[Date "2016.01.03"]
[Round "2"]
[White "Albayrak, Aylin"]
[Black "Hauck, Martin"]
[Result "1-0"]
[WhiteElo "1646"]
[BlackElo "1053"]
[PlyCount "63"]
[EventDate "2016.01.03"]
[EventType "swiss"]
[EventRounds "7"]
[EventCountry "GER"]
[SourceTitle "EXT 2018"]
[Source "ChessBase"]
[SourceDate "2017.10.13"]
[SourceVersion "1"]
[SourceVersionDate "2017.10.13"]
[SourceQuality "1"]

1. d4 d5 2. c4 dxc4 3. e4 e5 4. d5 Nf6 5. Nc3 Bb4 6. Qa4+ Nc6 7. dxc6 Bxc3+ 8. bxc3 0-0 9. Ba3 Re8 10. Rd1 Qxd1+ 11. Qxd1 Bg4 12. f3 Be6 13. Be2 b6 14. Nh3 h6 15. 0-0 g5 16. Qa4 g4 17. Nf2 h5 18. Bxc4 gxf3 19. gxf3 b5 20. Bxb5 Bxa2 21. c4 Nh7 22. Bb2 Ng5 23. Nd3 Red8 24. Nxe5 Nh3+ 25. Kh1 Rd2 26. Qxa2 Rad8 27. Nd7 Nf2+ 28. Rxf2 Rxf2 29. c5 Rxf3 30. Bf6 Re8 31. Qg2+ Kh7 32. Qg7# 1-0